| 000 | 00634nam a22001937a 4500 | ||
|---|---|---|---|
| 005 | 20230208054709.0 | ||
| 008 | 230208b |||||||| |||| 00| 0 eng d | ||
| 020 | _a981-265-638-3 | ||
| 082 | _a910.45 M269 2006 | ||
| 100 |
_aMancini, Marc _eauthor |
||
| 245 |
_aCruising: _ba guide to the cruise line industry / _cMarc Mancini |
||
| 250 | _a2nd ed. | ||
| 260 |
_aAustralia: _bThomson Learning, _cc2006 |
||
| 300 |
_axi, 212p.: _bill. |
||
| 504 | _aIncludes bibliographies and index | ||
| 541 | _e1291 c.1, 1292 c.2, 1293 c.3, 1294 c.4, 1295 c.5, 1296 c.6, 1297 c.7, 2334 c.8 | ||
| 650 | _aOcean travel | ||
| 650 | _aVoyages and travel | ||
| 999 |
_c967 _d967 |
||